00874nam a2200217Ia 4500952009500000999001700095008004100112050002000153100002600173245005400199250001800253260004400271300003500315500008200350504002900432505009400461519004300555650001000598700003600608942001200644 00104070a03b03d2001-05-15l0oGN708 E4 1971p03 003378r2012-07-20t1w2012-07-20yLB c80105d80105120720s1971 mx a 000 0 spa d aGN708 bE4 1971 aEverett, Petereautor aTenisc / Peter Everett, Virginia Dumas Skillman  a9a. edición aMéxicob : Editores Asociadosc, 1971 a86 páginasb : ilustraciones aIncluye: glosario (pp. 65-68) Incluye: autopruebas y valoración (pp. 69-81) aBibliografia (pp. 83-86) aValores Historia Equipo Técnicas de participación Reglas Automejora y entrenamiento  aMaterial Complementario /d(03 003378) 0aTENIS aSkillman, Virginia Dumaseautor 2lcccLB